000 00746nam a2200253Ia 4500
003 GCL
008 140319s9999 xx 000 0 ara d
040 _aGCL /
_cGCL
082 0 4 _a792.015
_bف ا
100 1 _aفؤاد دواره
245 1 0 _aالمسرح المصرى 1988 /
_cفؤاد دواره
260 _a[S.N] :
_bالهيئة المصرية العامة للكتاب ،
_c1990
300 _a451 ص
490 _a
650 0 4 _aمصر
650 0 4 _aالمسرح
650 0 4 _aالمسرحيات
650 0 4 _aالفنون المسرحية
650 0 4 _aالمسارح
650 0 4 _aالطرق الفنية
650 0 4 _aالممثلون والممثلات
650 0 4 _aالانتاج المسرحى
942 _2ddc
_cBK
999 _c29500
_d29500